00617nam a22002057a 450000500170000001000130001702000270003003500130005703700160007004000120008608200160009824500890011426000390020327000470024230000240028950000200031365000240033365000360035770000180039320170124110157.0 aB-167032 c695.00a 9780761933786 aB-167032 bCen Lib/Ret aDPLbEN a079.54bPRA aPractising journalism :cedited by Nalini Rajanbvalues, constraints, implications / aNew DelhibSage Publicationsc2005 bNew DelhiaB-42,Panchsheel Enclavee110017 avi,358p. c22cm(Hb) aIncludes index  aJournalism -- India aJournalistic ethics -- Indiav  aRajan, Nalini